Statistics for Welsh Towns and Cities with more than 25,000 inhabitants

Click here to take the quiz!

General Stats

  • This quiz has been taken 120 times
  • The average score is 9 of 18

Answer Stats

Answer % Correct
335,145Cardiff
100%
179,485Swansea
98%
128,060Newport
89%
61,603Wrexham
77%
37,276Port Talbot
58%
46,747Bridgend
57%
43,820Merthyr Tydfil
55%
43,878Llanelli
48%
50,658Neath
44%
25,149Rhyl
42%
54,673Barry
40%
41,402Caerphilly
39%
33,457Pontypridd
34%
28,334Pontypool
32%
48,535Cwmbran
31%
29,405Colwyn Bay
22%
29,748Aberdare
21%
27,226Penarth
14%

Score Distribution

Percentile by Number Answered

Percent of People with Each Score

Your Score History

You have not taken this quiz